| 000 | 00578nam a2200181Ia 4500 | ||
|---|---|---|---|
| 008 | 240729s9999 xx 000 0 und d | ||
| 022 | _a2508-7576 | ||
| 245 | 0 | _aJournal of Obesity & Metabolic Syndrome | |
| 260 | _aKorea, Republic of | ||
| 260 | _bKorean Society for the Study of Obesity | ||
| 650 | _a Diseases of the endocrine glands. Clinical endocrinology | ||
| 650 | _a Internal medicine | ||
| 650 | _a Specialties of internal medicine | ||
| 650 | _aMedicine | ||
| 856 | _uhttps://doaj.org/toc/a94f92b353004b7d8143a28daef0c478 | ||
| 942 | _2ddc | ||
| 942 | _cDOAJEJ | ||
| 999 |
_c71084 _d71084 |
||
| 945 |
_a1 _bMadushi Gamage _c1 _dMadushi Gamage |
||